| 000 | 00482nam a2200181 a 4500 | ||
|---|---|---|---|
| 020 | _a0813805805 (pbk.) | ||
| 040 | _cDLC | ||
| 082 | _a631 LOW 1983 A037 Or. | ||
| 100 | 1 | _aHunt, Donnell | |
| 245 | 1 | 0 | _aFarm power and machinery management / |
| 250 | _a8th ed | ||
| 260 |
_aAmes : _bIowa State University Press, _c1983 |
||
| 300 |
_avii, 352 p. : _bill. ; _c28 cm |
||
| 500 | _aIncludes index | ||
| 650 | 0 | _aAgricultural machinery | |
| 650 | 0 | _aFarm mechanization | |
| 942 | _cEK | ||
| 999 |
_c11536 _d11536 |
||